| 000 | 00336nam a2200121Ia 4500 | ||
|---|---|---|---|
| 005 | 20251222144639.0 | ||
| 008 | 251222s9999||||xx |||||||||||||| ||spa|| | ||
| 082 | _a622.343/A83 | ||
| 100 | _aAste Daffós, Juan | ||
| 245 | 0 | _aLas Perspectivas de la Refinación del Cobre en el Perú | |
| 264 | _bFundación Friedrich Ebert | ||
| 942 | _cLIB | ||
| 999 |
_c16599 _d16599 |
||